| 000 | 00483nam a2200181Ia 4500 | ||
|---|---|---|---|
| 008 | 160319s9999 xx 000 0 und d | ||
| 245 | 4 | _aThe food pyramid / | |
| 245 | _cDiscovery Channel School. | ||
| 260 | _aPhilippines : | ||
| 260 | _bDistributed by Magnavision Home Video, | ||
| 260 | _c2004 | ||
| 300 | _a1 videodisc : | ||
| 300 | _bdigital, sound, color ; | ||
| 300 | _c4 3/4 in. | ||
| 440 | _aDiscovery Channel School. | ||
| 650 | _aFood. | ||
| 650 | _aNutrition. | ||
| 999 |
_c292820 _d292820 |
||